000
00299nam a2200133Ia 4500
100
_a
Khandpur/R.S
942
_c
RB
654
_a
handbook
245
_a
Handbook on Microcomputers
260
_b
Tata Mc Graw hill
_a
New Delhi
_c
1988
082
_a
621.381953
_b
KHA
300
_a
331
546
_a
ENGLISH
999
_c
23035
_d
23035